000 00662nam a2200193Ia 4500
003 GCL
008 140319s9999 xx 000 0 ara d
020 _a4074136977
040 _aGCL /
_cGCL
082 0 4 _aق
_b962.071
_bج س
100 1 _aجيهان السادات
245 1 0 _aسيدة من مصر /
_cجيهان السادات
260 _aالقاهرة :
_bالمكتب المصرى الحديث
300 _a574 ص ؛
_c24 سم
650 0 4 _aمصر - الاحوال السياسية
650 0 4 _aمصر - تاريخ - العصر الحديث - انور السادات (1971 - 1981)
650 0 4 _aتراجم السياسيون
942 _2ddc
_cBK
999 _c34573
_d34573